Flagi państw z usuniętym niebieskim - Statystyki

Ogólne statystyki
  • Ten quiz został rozwiązany 8 914 razy
  • Średni wynik to 13 z 16
Statystyki odpowiedzi
Obrazkowy Odpowiedź % Poprawnych
Stany Zjednoczone
96%
Szwecja
94%
Korea Południowa
92%
Ukraina
90%
Korea Północna
89%
Malezja
85%
Australia
84%
Urugwaj
83%
Filipiny
79%
Islandia
76%
Rumunia / Czad
74%
Francja
73%
Panama
72%
Bośnia i Hercegowina
69%
Demokratyczna Republika Konga
67%
Chile
32%
Nie znaleziono quizów pasujących do podanych kryteriów
Rozkład punktacji
Procent ludzi z każdym wynikiem
Percentyl według liczby udzielonych odpowiedzi
Twoja historia wyników
Nie rozwiązałeś tego quizu